00448nam a2200157Ia 4500008004100000020001500041082001900056100001900075245005800094250000800152260004200160300002700202500001900229600002700248650001500275240925s9999 xx 000 0 und d a8178083736 a621.380413 SKL aSklar, Bernard 0aDigital Communications: fundamentals and applications a2nd aSingapore:bPearson educationc,2001. axix,372p.bNAfPirated aIncludes Index aEngineering Technology aTechnology